000 00716nam a2200181Ia 4500
008 100920s9999 xx 000 0 und d
082 _b95833
_a49 न 05
100 _aआर्चर जेफ्री/अनु:ठाकूर अजित.
245 _aसन्स ऑफ फॉर्च्युन.
260 _bमेहता पब्लिशिंग हाऊस,पुणे-30.
_c2005
300 _a496
_bसाधी
365 _b350
520 _aडिपॉझिट सेक्शन.
630 _aसन्स ऑफ फॉर्च्युन.
650 _aडिपॉझिट सेक्शन.
730 _aसन्स ऑफ फॉर्च्युन.
942 _cBOOK
999 _c736273
_d736270